000 00585nam a2200193Ia 4500
003 GCL
008 140319s9999 xx 000 0 eng d
040 _aGCL /
_cGCL
082 0 4 _a150.195
_bD T
100 1 _aDESSOUGUI, KAMAL
245 1 0 _aTHESAURES OF PSYCHOLOGY: TERMINOLOGICAL, DEFINITIONAL, AUTHORAL: ENGLISH - FRENCH - GERMAN \ ARABIC /
_cDESSOUGUI, KAMAL
260 _a[S.N] :
_bINTERNATIONAL PUBLISHING AND DISTRIBUTIO
300 _aMULTI
650 0 4 _aPSYCHIATRY
650 0 4 _aPSYCHOMETRY
650 0 4 _aPSYCHOPHYSICS
650 0 4 _aPSYCHO PHARMACOLOGY
942 _2ddc
_cBK
999 _c14193
_d14193